| 000 | 00944cab a22002175a 4500 | ||
|---|---|---|---|
| 001 | L158857 | ||
| 008 | 150825e20150808xxk 000 0 eng d | ||
| 035 | _a(Sirsi) u158857 | ||
| 041 | 0 | _aeng | |
| 100 | 1 | _aGlass, Ed | |
| 245 | 0 | 0 | _aPutting MEES first |
| 260 | _c2015 | ||
| 490 |
_aEstates Gazette _v(1531) 8 August 2015, 48-49(2) |
||
| 520 | _aExplains the importance of the Minimum Energy Efficiency Standards (MEES) which will apply on properties that require an EPC under existing regulations or one where an EPC already exists. These standards will make it unlawful to let non-domestic property with a sub-standard EPC rating of F or G. From 1 April 2018 the prohibition will apply on the grant of new leases and from 1 April 2023 the prohibition will apply to all leased buildings. | ||
| 590 | _aKA | ||
| 651 | 4 | _aUnited Kingdom | |
| 690 |
_aEnergy _96237 |
||
| 690 |
_aEnvironment _96238 |
||
| 700 | 1 | _aHogg, Nick | |
| 942 | _n0 | ||
| 999 |
_c84713 _d84713 |
||